| 000 | 00533nam a22001697a 4500 | ||
|---|---|---|---|
| 005 | 20251108165026.0 | ||
| 008 | 250721s1997 xx 000 0 ara d | ||
| 082 | 1 | 4 | _a541.3/حسن |
| 100 | 1 | _aحسن، السيد علي | |
| 245 | 1 | 0 | _aمبادئ الكيمياء الفيزيائية / |
| 264 | 1 |
_aالقاهره : _bدار الكتاب الجامعي، _c1997. |
|
| 300 | _a622ص | ||
| 650 | 1 | 7 | _aالكيمياء الفيزيائية |
| 700 | 1 | _aالصباح، محمد محسن بدر | |
| 942 |
_2ddc _cBK |
||
| 999 |
_c20234 _d20234 |
||